| 000 | 00519nam a2200169 i 4500 | ||
|---|---|---|---|
| 001 | 21605 | ||
| 003 | ES-MaACL | ||
| 005 | 20250819063028.0 | ||
| 007 | t| | ||
| 008 | 021126s1898 sp ||||1| spa d | ||
| 100 | 1 |
_aAlcántara, Francisco, _d1764- _919492 |
|
| 245 | 1 | 3 |
_aLa Exposición Nacional de Bellas Artes _b: reseña crítica / _cpor Francsico Alcántara. |
| 260 |
_aMadrid : _b[s.n.], _c1898 ( _fSucesores de Rivadeneyra) |
||
| 300 | _c29 cm. | ||
| 852 |
_aES-MaACL _jG-8284 |
||
| 999 |
_c21605 _d21605 |
||